| 000 | 00506nam a2200181Ia 4500 | ||
|---|---|---|---|
| 003 | GCL | ||
| 008 | 140319s9999 xx 000 0 ara d | ||
| 040 |
_aGCL / _cGCL |
||
| 082 | 0 | 4 |
_a813.03 _bر ض |
| 100 | 1 | _aروفايل، بيار | |
| 245 | 1 | 0 |
_aضاع عمري / _cروفايل، بيار |
| 250 | _a1990 | ||
| 260 |
_aبيروت : _bدار الجيل ، _c1990 |
||
| 300 |
_a336 ص ؛ _c18 سم |
||
| 650 | 0 | 4 | _aالادب العربى |
| 650 | 0 | 4 | _aالقصص العربية |
| 942 |
_2ddc _cBK |
||
| 999 |
_c29459 _d29459 |
||